000 00325nam a22001457a 4500
008 211019b ||||| |||| 00| 0 eng d
020 _a013699752X
041 _aeng
080 _24th
_a330
082 _a330
100 _a52
101 _aEKO
245 _aPrice Theory and Applications
_cHirshleifer,J
942 _2udc
_cBK
999 _c58269
_d58269